000 00607nam a22001697a 4500
999 _c58795
_d58795
005 20230323171444.0
008 220808u2017 ge ||||| |||| 00| 0 geo d
020 _q15122476
041 _ageo
245 _aმწვანეყვავილა /
_cმთავარი რედაქტორი გიზო თავაძე.
_b
260 _aქუთაისი.
300 _av.
653 _aმწვანეყვავილა
653 _aპოეზია
700 _aთავაძე, გიზო
_eმთავარი რედაქტორი
_914514
942 _2udc
_cCR